Guess a random Conan Gray song (without hints) #2 - Statistics

General Stats
  • This quiz has been taken 166 times
  • The average score is 185 of 287
Answer Stats
Answer % Correct
You
100%
you
100%
I
98%
a
96%
A
96%
We
90%
your
89%
love
88%
me
88%
(me)
88%
the
88%
The
88%
and
85%
And
85%
we're
82%
We're
82%
my
80%
do
79%
so
78%
So
78%
in
76%
no
76%
To
75%
(to)
75%
But
74%
but
74%
I'm
74%
be
72%
that
72%
That
72%
like
71%
They
70%
they
70%
for
69%
not
68%
I'll
67%
with
67%
could
66%
It's
65%
it's
65%
will
65%
said
64%
too
63%
would
62%
(don't)
61%
just
61%
think
61%
was
61%
why
61%
some
60%
are
59%
at
59%
all
58%
if
58%
life
57%
up
57%
footnote
56%
say
56%
Every
55%
told
55%
us
55%
take
54%
our
53%
lie
52%
couple
50%
how
50%
never
50%
party
50%
what
50%
'cause
49%
drunk
49%
Sober
49%
stop
49%
body
48%
liked
47%
being
46%
isn't
46%
line
46%
clear
45%
friendship
45%
I'd
45%
Oh
45%
one
45%
won't
45%
write
45%
change
44%
see
44%
someone
44%
Pride
43%
cute
42%
else
42%
felt
42%
help
42%
lesson
42%
loathing
42%
maybe
42%
novels
41%
taugh
41%
Prejudice
40%
waited
40%
end
39%
(please)
39%
precious
39%
pretentious
39%
true
39%
booze
38%
bought
38%
conversation
38%
patience
38%
host
36%
restaurant
35%
alone
34%
laughed
34%
side
34%
tense
34%
(forget)
33%
(Forget)
33%
everyone
30%
perfect
30%
shared
30%
embarrassed
29%
feelings
29%
reckless
29%
together
29%
sees
28%
weren't
28%
ate
27%
pleased
26%
Moscato
22%
caracters
9%
foonote
0%
No matching quizzes found
Score Distribution
Percent of People with Each Score
Percentile by Number Answered
Your Score History
You have not taken this quiz